| 000 -LEADER |
| fixed length control field |
00677nam a2200205Ia 4500 |
| 001 - CONTROL NUMBER |
| control field |
12795 |
| 003 - CONTROL NUMBER IDENTIFIER |
| control field |
GE_BSU |
| 008 - FIXED-LENGTH DATA ELEMENTS--GENERAL INFORMATION |
| fixed length control field |
181216s||||||||xx |||||||||||||| ||und|| |
| 040 ## - CATALOGING SOURCE |
| Transcribing agency |
GE_BSU |
| 245 ## - TITLE STATEMENT |
| Title |
Сельско-хозяйственная мелиорация, лесоводство и водоснабжение |
| 245 ## - TITLE STATEMENT |
| Remainder of title |
Учебник |
| 245 ## - TITLE STATEMENT |
| Statement of responsibility, etc. |
Под.ред.Г.Н.Мартыненко |
| 260 ## - PUBLICATION, DISTRIBUTION, ETC. |
| Place of publication, distribution, etc. |
Москва |
| 260 ## - PUBLICATION, DISTRIBUTION, ETC. |
| Name of publisher, distributor, etc. |
Колос |
| 260 ## - PUBLICATION, DISTRIBUTION, ETC. |
| Date of publication, distribution, etc. |
1980 |
| 300 ## - PHYSICAL DESCRIPTION |
| Extent |
240стр.илл.20см. |
| 300 ## - PHYSICAL DESCRIPTION |
| Dimensions |
Библиогр.с.234 |
| 653 ## - INDEX TERM--UNCONTROLLED |
| Uncontrolled term |
Сельскохозяйственная мелиорация и основы геодезии |
| 942 ## - ADDED ENTRY ELEMENTS (KOHA) |
| Koha item type |
წიგნი |